000 00723nam a22002297a 4500
999 _c3979
_d3979
003 AR-CdUCM
008 190307b ||||| |||| 00| 0 spa d
040 _aMUNICIPALIDAD PROVINCIAL DEL CUSCO
_cBIBLIOTECA MUNICIPAL DEL CUSCO
082 _a309.144 /
_bM53
100 _aMichelet, Jules
_912717
245 _aEl estudiante /
260 _aMexico :
_bSiglo XXI,
_c1972.
300 _a217 páginas ;
_c15 cm.
440 _aColeción mínima
_n49
_912718
505 _aContenido: pensamiento revolucionario de Michelet.
650 _aMichelet.
_912719
650 _aMarxismo.
_924
650 _aPensamiento socialista.
_910533
700 _aPicon, aetan (prologo)
_912720
942 _2ddc
_cLIBROS
945 _awfj
_d2019-03-07